Tratado de sociologia (Record no. 164438)

MARC details
000 -LEADER
campo de control de longitud fija 00924nam a22002175i 4500
001 - NÚMERO DE CONTROL
campo de control 164438
003 - IDENTIFICADOR DE NÚMERO DE CONTROL
campo de control ES-MaACL
005 - FECHA Y HORA DE LA ÚLTIMA TRANSACCIÓN
campo de control 20230906212933.0
008 - DATOS DE LONGITUD FIJA--INFORMACIÓN GENERAL
campo de control de longitud fija 940301m18891897sp |||| | spa d
040 ## - FUENTE DE CATALOGACIÓN
Centro catalogador/agencia de origen AS
Lengua de catalogación spa
100 1# - ENTRADA PRINCIPAL--NOMBRE DE PERSONA
Nombre de persona Sales Ferré, Manuel.
9 (RLIN) 101880
245 10 - MENCIÓN DEL TÍTULO
Título Tratado de sociologia
Resto del título : evolución social y política /
Mención de responsabilidad, etc. por Manuel Sales y Ferré.
260 ## - PUBLICACIÓN, DISTRIBUCIÓN, ETC.
Lugar de publicación, distribución, etc. Madrid :
Nombre del editor, distribuidor, etc. Librería de Victoriano Suárez,
Fecha de publicación, distribución, etc. 1889-1897 (
Fabricante J. Góngora, Impresor)
300 ## - DESCRIPCIÓN FÍSICA
Extensión 4 v. ;
Dimensiones 22 cm.
505 8# - NOTA DE CONTENIDO CON FORMATO
Nota de contenido con formato T. I. Estudios de sociología (VIII, 254 p.) -- t. II. Del hetairismo al patriarcado -- t. III. El patriarcado y la ciudad (495 p.) -- t. IV. La nación (511 p.)
510 4# - NOTA DE CITAS O REFERENCIAS BIBLIOGRÁFICAS
Nombre de la fuente Palau,
Localización dentro de la fuente XVIII, 287289
596 #1 - NOTA AL PIE DE IMPRENTA
NOTA AL PIE DE IMPRENTA Lugar y nombre de imp. del t. III y IV: "Sevilla : Impr. de G. Salar"
650 #4 - PUNTO DE ACCESO ADICIONAL DE MATERIA--TÉRMINO DE MATERIA
Término de materia o nombre geográfico como elemento de entrada Sociología-
Subdivisión de forma Tratados.
9 (RLIN) 224019
852 ## - LOCALIZACIÓN
Ubicación ES-MaACL
Número de control de estantería F-8350-8353
Nota libre -- Enc. pasta española
Holdings
Estatus retirado Estado de pérdida Estado de daño No para préstamo Colección Biblioteca de origen Biblioteca actual Ubicación en estantería Fecha de adquisición Fuente de adquisición Total de préstamos Signatura topográfica completa Código de barras Visto por última vez Precio de reemplazo Tipo de ítem Koha
        Libros del s. XIX Biblioteca del Ateneo de Madrid Biblioteca del Ateneo de Madrid Sala Pecera Planta 2 17/01/2008     F-8350-8353 1172360 23/02/2023 23/02/2023 Libro impreso antiguo